000 00423pab a2200169 454500
008 180718b2009 xxu||||| |||| 00| 0 eng d
100 _aKern, Thomas
245 _aThe making of a social movement: citizen journalism in South Korea
260 _c2009
300 _ap.637-60.
362 _aSep
650 _aSocial movements
700 _aNam, Sang-hui
773 _aCurrent Sociology
908 _aN
909 _a84264
999 _c84264
_d84264